000 00698nam a2200181Ia 4500
008 100921s9999 xx 000 0 und d
082 _b21504
_a891.463 थ 88
100 _aवाळिंबे शरदचंद्र.
245 _aबुलंद कर्दनकाळ.
260 _bमनमोहिनी प्रकाशन,पुणे.
_c1988
300 _a208
_bभावे पुस्तक भांडार,पुणे
365 _b60
520 _aललित-कादंबरी.
630 _aबुलंद कर्दनकाळ.
650 _aललित-कादंबरी.
730 _aबुलंद कर्दनकाळ.
942 _cBOOK
999 _c770617
_d770614